000 00633nam a2200217Ia 4500
005 20241129104313.0
008 241129s9999||||xx |||||||||||||| ||und||
020 _a9780691153544
037 _aTextual
040 _aRTL
_beng
_cRTL
041 _aeng
_2eng
084 _aX:31.1 Q3/TD
_qRTL
100 _aDeaton Angus
245 0 _aGreat escape: Health wealth and the origins of inequality
_cDeaton Angus
260 _aPrinceton
_bPrinceton University Press
_c2015
300 _axv 360p.
365 _aINR
_bRs.1550.00
650 _aNational Income
942 _cTB
_hX:31.1 Q3/TD
999 _c1225306
_d1225306